|
|
|
|
| LEADER |
00000cam a2200000 a 4500 |
| 001 |
vtls001481295 |
| 003 |
SK-MaSNL |
| 005 |
20260302002945.0 |
| 008 |
240226s2004 xo d ernp 000 0 slo |
| 015 |
|
|
|a SNBA2004/12-06489
|
| 020 |
|
|
|a 8080731381
|q (brožované)
|
| 035 |
|
|
|a SNK000436593
|
| 035 |
|
|
|a urn:nbn:sk:snk-am3j350
|
| 035 |
|
|
|a 91327E20-3A51-43C8-8F5E-E0751C3DEC2C
|
| 035 |
|
|
|a urn:nbn:sk:snk-am00gi34
|
| 040 |
|
|
|a SNK
|b slo
|c SNK
|e AACR2
|
| 041 |
0 |
|
|a slo
|
| 044 |
|
|
|a xo
|c SK
|
| 072 |
|
7 |
|a 621.39
|x Oznamovacia technika
|2 konspekt
|
| 080 |
|
|
|a 621.391
|2 2011
|
| 080 |
|
|
|a (076.5)
|2 2011
|
| 080 |
|
|
|a 621.391.8
|2 2011
|
| 080 |
|
|
|a (075.8)
|2 2011
|
| 100 |
1 |
|
|a Mihalík, Ján,
|d 1952-
|4 aut
|9 197531
|
| 245 |
1 |
0 |
|a Signály a sústavy
|b (návody na cvičenia)
|c Ján Mihalík, Jozef Zavacký, Iveta Gladišová
|
| 250 |
|
|
|a [1. vyd.]
|
| 260 |
|
|
|a Košice
|b Technická univerzita
|c 2004
|
| 300 |
|
|
|a 241 strán
|b grafy
|c 21 cm
|
| 504 |
|
|
|a Bibliografia na strane 240-241
|
| 650 |
0 |
7 |
|a signály
|2 SNKPH
|9 3970
|
| 650 |
0 |
7 |
|a spracovanie signálov
|2 SNKPH
|9 3973
|
| 655 |
|
7 |
|a učebnice vysokých škôl
|2 SNKPH
|9 70191
|
| 655 |
|
7 |
|a praktické cvičenia
|2 SNKPH
|9 70517
|
| 700 |
1 |
|
|a Zavacký, Jozef,
|d 1953-
|4 aut
|9 18072
|
| 700 |
1 |
|
|a Gladišová, Iveta,
|d 1960-
|4 aut
|9 49609
|
| 919 |
|
|
|a 80-8073-138-1
|
| 958 |
|
|
|a NB
|
| 958 |
|
|
|a OND
|
| 999 |
|
|
|c 990131
|d 992061
|
| 952 |
|
|
|t P60, <03>, [BOOK], {603}, -K-
|a SNK
|b SNK
|y PREZ
|7 0
|p 17A0442589
|o snkSC 117205
|i snkKSP 11638/2004
|0 0
|1 0
|4 0
|d 2004-09-07
|f 1
|l 0
|r 2025-10-16 00:00:00
|w 2026-02-24
|
| 952 |
|
|
|t P60, <04>, [BOOK], {604}
|a SNK
|b SNK
|y VYP
|7 0
|p 17A0442590
|o snkSC 117205 D1
|i snkKSP 11639/2004
|0 0
|1 0
|4 0
|d 2004-09-07
|l 0
|r 2005-01-02 00:00:00
|w 2026-02-24
|